000 00381nam a22001337a 4500
005 20250726095606.0
008 250726b |||||||| |||| 00| 0 eng d
050 _aREF BS440
_bBAK
245 _aBAKER TKEOLOGICAL DICTIONARY OF THE BIBLE
_cEDITED BY WALTER A. ELWELL
260 _aMICHIGAN
_bBAKER BOOKS
_cc1996
300 _ax, 933p
700 _aWALTR A. ELWELL
942 _2lcc
_cBK
_n0
999 _c7185
_d7185